Amazon.com Departments Quiz Stats

 Plays Quiz not verified by Sporcle

Challenge
Share
Tweet
Embed
Score 0/31 Timer 08:00
0 Plays Today
Amazon.com Departments % Correct
Books
91.3%
Movies & TV
87.4%
Clothing & Accessories
83.5%
Toys & Games
83.5%
Music
79.6%
Home, Garden, & Pets
77.7%
Electronics
74.8%
Grocery & Gourmet Food
68.9%
Sports & Outdoors
64.1%
Automotive
63.1%
Software
63.1%
Shoes
52.4%
Jewelry
51.5%
Tools & Home Improvement
51.5%
Health & Personal Care
47.6%
Video Games
46.6%
Amazon.com Departments % Correct
Kindle Store
43.7%
Baby
41.7%
Beauty
41.7%
Cell Phones & Accessories
33%
Office Products & Supplies
26.2%
Watches
26.2%
Appliances
26.2%
Magazine Subscriptions
24.3%
MP3 Downloads
24.3%
Musical Instruments
24.3%
Industrial & Scientific
23.3%
VHS
22.3%
Arts, Crafts, & Sewing
21.4%
Amazon Instant Video
21.4%
Appstore for Android
16.5%

You're not logged in!

Compare scores with friends on all Sporcle quizzes.
Join for Free
OR
Log In

You Might Also Like...

Show Comments

Extras

Top Quizzes Today


Score Distribution

Your Account Isn't Verified!

In order to create a playlist on Sporcle, you need to verify the email address you used during registration. Go to your Sporcle Settings to finish the process.

Report this User

Report this user for behavior that violates our Community Guidelines.

Details: